| 000 | 00588nam a2200193 a 4500 | ||
|---|---|---|---|
| 005 | 20231017063736.0 | ||
| 008 | 100824s2007 mx r 000 0 spa d | ||
| 020 | _a9789689183136 | ||
| 035 | _aUPN01000177495 | ||
| 049 | _aCG | ||
| 050 | 4 |
_aJL1281 _bS2.2 |
|
| 100 | 1 |
_aSalazar Carrión, Luis, _d1949- _935199 |
|
| 245 | 1 | 0 |
_aEducación, discriminación y tolerancia / _cLuis Salazar Carrión. |
| 260 |
_aMéxico : _bCal y Arena, _cc2007. |
||
| 300 | _a187 p. | ||
| 650 | 4 |
_aDemocracia _zMéxico _913249 |
|
| 650 | 4 |
_aPOLITICA SOCIAL - _xASPECTOS MORALES Y ETICOS _91451 |
|
| 905 | _aLibro | ||
| 999 |
_c149598 _d149598 |
||